MARC details
| 000 -LEADER |
| fixed length control field |
03171cam a22007577i 4500 |
| 001 - CONTROL NUMBER |
| control field |
ocn908628693 |
| 003 - CONTROL NUMBER IDENTIFIER |
| control field |
OCoLC |
| 005 - DATE AND TIME OF LATEST TRANSACTION |
| control field |
20200320200408.0 |
| 008 - FIXED-LENGTH DATA ELEMENTS--GENERAL INFORMATION |
| fixed length control field |
150624s2016 caua j 000 1 eng d |
| 010 ## - LIBRARY OF CONGRESS CONTROL NUMBER |
| LC control number |
2015944917 |
| 019 ## - |
| -- |
922465009 |
| 020 ## - INTERNATIONAL STANDARD BOOK NUMBER |
| International Standard Book Number |
148471590X |
| Qualifying information |
(paperback) |
| 020 ## - INTERNATIONAL STANDARD BOOK NUMBER |
| International Standard Book Number |
9781484715901 |
| Qualifying information |
(paperback) |
| 020 ## - INTERNATIONAL STANDARD BOOK NUMBER |
| International Standard Book Number |
9780606375344 |
| Qualifying information |
(paw prints) |
| 020 ## - INTERNATIONAL STANDARD BOOK NUMBER |
| International Standard Book Number |
0606375341 |
| Qualifying information |
(paw prints) |
| 020 ## - INTERNATIONAL STANDARD BOOK NUMBER |
| International Standard Book Number |
9781480698819 |
| 020 ## - INTERNATIONAL STANDARD BOOK NUMBER |
| International Standard Book Number |
1480698814 |
| 029 1# - (OCLC) |
| OCLC library identifier |
AU@ |
| System control number |
000057085329 |
| 035 ## - SYSTEM CONTROL NUMBER |
| System control number |
(OCoLC)908628693 |
| Canceled/invalid control number |
(OCoLC)922465009 |
| 040 ## - CATALOGING SOURCE |
| Original cataloging agency |
YDXCP |
| Language of cataloging |
eng |
| Description conventions |
rda |
| Transcribing agency |
YDXCP |
| Modifying agency |
DLC |
| -- |
BTCTA |
| -- |
JAO |
| -- |
BKL |
| -- |
BDX |
| -- |
OI6 |
| -- |
OQX |
| -- |
CLE |
| -- |
WACOL |
| 042 ## - AUTHENTICATION CODE |
| Authentication code |
lccopycat |
| 049 ## - LOCAL HOLDINGS (OCLC) |
| Holding library |
WACL |
| 050 00 - LIBRARY OF CONGRESS CALL NUMBER |
| Classification number |
PZ7.A4997 |
| Item number |
Ck 2016 |
| 082 04 - DEWEY DECIMAL CLASSIFICATION NUMBER |
| Classification number |
[E] |
| Edition number |
23 |
| 092 ## - LOCALLY ASSIGNED DEWEY CALL NUMBER (OCLC) |
| Classification number |
childrens |
| Item number |
Ame |
| 100 1# - MAIN ENTRY--PERSONAL NAME |
| Personal name |
Amerikaner, Susan, |
| Relator term |
author. |
| 9 (RLIN) |
5809211 |
| 245 10 - TITLE STATEMENT |
| Title |
Clover time / |
| Statement of responsibility, etc |
adapted by Susan Amerikaner ; illustrated by Character Building Studio and the Disney Storybook Art Team. |
| 250 ## - EDITION STATEMENT |
| Edition statement |
First Paperback Edition. |
| 264 #1 - Production, Publication, Distribution, Manufacture, and Copyright Notice. |
| Place of production, publication, distribution, manufacture |
Los Angeles : |
| Name of producer, publisher, distributor, manufacturer |
Disney Press, |
| Date of production, publication, distribution, manufacture, or copyr |
[2016] |
| 300 ## - PHYSICAL DESCRIPTION |
| Extent |
32 pages : |
| Other physical details |
color illustrations ; |
| Dimensions |
23 cm. |
| 336 ## - Content Type |
| Content type term |
text |
| 336 ## - Content Type |
| Content type term |
still image |
| 337 ## - Media type |
| Media type term |
unmediated |
| 338 ## - Carrier type |
| Carrier type term |
volume |
| 490 1# - SERIES STATEMENT |
| Series statement |
Sofia the First (Disney Press) |
| 490 1# - SERIES STATEMENT |
| Series statement |
World of reading. Level Pre-1 |
| 490 1# - SERIES STATEMENT |
| Series statement |
Disney junior |
| 500 ## - GENERAL NOTE |
| General note |
"Based on the episode written by Craig Gerber and John Kavanaugh." |
| 520 ## - SUMMARY, ETC. |
| Summary, etc |
"Make room for Clover! When Clover's warren gets flooded in a storm, Sofia happily invites her best friend to move in with her. They love sharing a room...at first. Sofia discovers that being a roommate is no picnic in this fun and funny Level Pre-1 Reader!"-- |
| -- |
from amazon.com |
| 521 2# - TARGET AUDIENCE NOTE |
| Target audience note |
Pre-K - Grade 1. |
| 521 ## - TARGET AUDIENCE NOTE |
| Target audience note |
childrens |
| Source |
penworthy |
| 650 #0 - SUBJECT ADDED ENTRY--TOPICAL TERM |
| Topical term or geographic name as entry element |
Princesses |
| Form subdivision |
Juvenile fiction. |
| 9 (RLIN) |
5917641 |
| 650 #0 - SUBJECT ADDED ENTRY--TOPICAL TERM |
| Topical term or geographic name as entry element |
Friendship |
| Form subdivision |
Juvenile fiction. |
| 9 (RLIN) |
5673647 |
| 650 #0 - SUBJECT ADDED ENTRY--TOPICAL TERM |
| Topical term or geographic name as entry element |
Best friends |
| Form subdivision |
Juvenile fiction. |
| 9 (RLIN) |
5673646 |
| 650 #0 - SUBJECT ADDED ENTRY--TOPICAL TERM |
| Topical term or geographic name as entry element |
Roommates |
| Form subdivision |
Juvenile fiction. |
| 9 (RLIN) |
5697376 |
| 650 #7 - SUBJECT ADDED ENTRY--TOPICAL TERM |
| Topical term or geographic name as entry element |
Friendship. |
| Source of heading or term |
fast |
| -- |
(OCoLC)fst00935174 |
| 9 (RLIN) |
5917642 |
| 650 #7 - SUBJECT ADDED ENTRY--TOPICAL TERM |
| Topical term or geographic name as entry element |
Princesses. |
| Source of heading or term |
fast |
| -- |
(OCoLC)fst01076505 |
| 9 (RLIN) |
5917643 |
| 650 #7 - SUBJECT ADDED ENTRY--TOPICAL TERM |
| Topical term or geographic name as entry element |
Readers (Elementary) |
| Source of heading or term |
fast |
| -- |
(OCoLC)fst01090601 |
| 9 (RLIN) |
5917644 |
| 655 #7 - INDEX TERM--GENRE/FORM |
| Genre/form data or focus term |
Juvenile works. |
| Source of term |
fast |
| -- |
(OCoLC)fst01411637 |
| 9 (RLIN) |
5673941 |
| 655 #7 - INDEX TERM--GENRE/FORM |
| Genre/form data or focus term |
Fiction. |
| Source of term |
fast |
| -- |
(OCoLC)fst01423787 |
| 9 (RLIN) |
5673940 |
| 655 #7 - INDEX TERM--GENRE/FORM |
| Genre/form data or focus term |
Children's stories. |
| Source of term |
gsafd |
| 9 (RLIN) |
5917645 |
| 700 1# - ADDED ENTRY--PERSONAL NAME |
| Personal name |
Gerber, Craig, |
| Relator term |
author. |
| 9 (RLIN) |
5675238 |
| 700 1# - ADDED ENTRY--PERSONAL NAME |
| Personal name |
Kavanaugh, John, |
| Relator term |
author. |
| 9 (RLIN) |
5917646 |
| 710 2# - ADDED ENTRY--CORPORATE NAME |
| Corporate name or jurisdiction name as entry element |
Character Building Studio (Firm) |
| 9 (RLIN) |
5688692 |
| 710 2# - ADDED ENTRY--CORPORATE NAME |
| Corporate name or jurisdiction name as entry element |
Disney Storybook Artists. |
| 9 (RLIN) |
51522 |
| 730 0# - ADDED ENTRY--UNIFORM TITLE |
| Uniform title |
Disney junior. |
| 9 (RLIN) |
5697845 |
| 830 #0 - SERIES ADDED ENTRY--UNIFORM TITLE |
| Uniform title |
Sofia the First (Disney Press) |
| 9 (RLIN) |
5917647 |
| 830 #0 - SERIES ADDED ENTRY--UNIFORM TITLE |
| Uniform title |
World of reading (New York, N.Y.). |
| Number of part/section of a work |
Level Pre-1. |
| 9 (RLIN) |
5693430 |
| 938 ## - |
| -- |
Brodart |
| -- |
BROD |
| -- |
112826903 |
| 938 ## - |
| -- |
Baker and Taylor |
| -- |
BTCP |
| -- |
BK0017056429 |
| 938 ## - |
| -- |
YBP Library Services |
| -- |
YANK |
| -- |
12411744 |
| 942 ## - ADDED ENTRY ELEMENTS (KOHA) |
| Koha item type |
BOOK |
| 948 ## - LOCAL PROCESSING INFORMATION (OCLC); SERIES PART DESIGNATOR (RLIN) |
| Series part designator, SPT (RLIN) |
08/24/2016 |
| z (OCLC) |
Sirsi |
| 994 ## - |
| -- |
C0 |
| -- |
WACOL |
| 996 ## - |
| -- |
133436 |
| -- |
34301001326778 |
| -- |
EL |
| -- |
bk |
| -- |
wcl |
| -- |
i |
| -- |
60 |
| -- |
13.49 |
| -- |
penworthy |
| -- |
Ame |
| -- |
08/25/2016 |
| -- |
03/13/2020 |
| -- |
02/24/2020 |